Pago de rentas en los contratos de arrendamientos rústicos para el año agrícola 1958-59 (Record no. 125562)

MARC details
000 -LEADER
campo de control de longitud fija 00734nam a2200169 i 4500
001 - NÚMERO DE CONTROL
campo de control 125562
003 - IDENTIFICADOR DE NÚMERO DE CONTROL
campo de control ES-MaACL
007 - CAMPO FIJO DE DESCRIPCIÓN FÍSICA--INFORMACIÓN GENERAL
campo de control de longitud fija t|
008 - DATOS DE LONGITUD FIJA--INFORMACIÓN GENERAL
campo de control de longitud fija 070619s1959 sp ||||1| spa d
080 ## - NÚMERO DE LA CLASIFICACIÓN DECIMAL UNIVERSAL
Número de la Clasificación Decimal Universal 336.215.32(46)"1958/1959"
100 1# - ENTRADA PRINCIPAL--NOMBRE DE PERSONA
Nombre de persona Santos Pastor, Angel.
9 (RLIN) 103521
245 10 - MENCIÓN DEL TÍTULO
Título Pago de rentas en los contratos de arrendamientos rústicos para el año agrícola 1958-59
Resto del título : repercusión de contribuciones y otros impuestos : apéndice a la obra "Propietarios - colonos - inquilinos", Tomo I: Arrendamientos rústicos /
Mención de responsabilidad, etc. Angel Santos Pastor.
260 ## - PUBLICACIÓN, DISTRIBUCIÓN, ETC.
Lugar de publicación, distribución, etc. Valladolid :
Nombre del editor, distribuidor, etc. Sever-Cuesta,
Fecha de publicación, distribución, etc. 1959.
300 ## - DESCRIPCIÓN FÍSICA
Extensión 33 p. ;
Dimensiones 24 cm.
650 14 - PUNTO DE ACCESO ADICIONAL DE MATERIA--TÉRMINO DE MATERIA
Término de materia o nombre geográfico como elemento de entrada Impuesto sobre la renta de las personas físicas-
Subdivisión geográfica España.
9 (RLIN) 13627
852 ## - LOCALIZACIÓN
Ubicación ES-MaACL
Número de control de estantería E-4012
Holdings
Estatus retirado Estado de pérdida Estado de daño No para préstamo Biblioteca de origen Biblioteca actual Ubicación en estantería Fecha de adquisición Fuente de adquisición Total de préstamos Signatura topográfica completa Código de barras Visto por última vez Precio de reemplazo Tipo de ítem Koha
        Biblioteca del Ateneo de Madrid Biblioteca del Ateneo de Madrid Depósito 2 17/01/2008     E-4012 1130801 23/02/2023 23/02/2023 Libro impreso